banner-ar

خدمة الجماعة عملية مساعدة / (Record no. 44317)

MARC details
000 -الفاتح
حقل البيانات ثابتة الطول 00565nam a2200193Ia 4500
008 - عناصر البيانات ثابتة الطول - معلومات عامة
حقل البيانات ثابتة الطول 140319s9999 xx 000 0 ara d
040 ## - مصدر الفهرسة
وكالة الفهرسة الأصلية GCL /
وكالة النسخ GCL
082 04 - رقم تصنيف ديوى العشرى
رقم التصنيف 361.4
رقم المادة ل خ
100 1# - المدخل الرئيسى - إسم شخصى
الإسم الشخصى رمزى يسى
245 10 - بيان العنوان
العنوان خدمة الجماعة عملية مساعدة /
بيان المسئوليه,etc رمزى يسى
700 1# - المدخل الاضافى - اسم شخصى
الإسم الشخصى حسن الساعاتى
700 1# - المدخل الاضافى - اسم شخصى
الإسم الشخصى لونوبكا، جزيلا
300 ## - الوصف المادى
التعداد 325 ص
490 ## - بيان السلسلة
عنوان السلسلة الالف كتاب
رقم المجلد/ التعيين التسلسلي 0
650 04 - المدخل الاضافى بالموضوع-مصطلح موضوعى
مصطلح موضوعي الخدمة الاجتماعية
650 04 - المدخل الاضافى بالموضوع-مصطلح موضوعى
مصطلح موضوعي التكيف الاجتماعى
942 ## - عناصر المدخل الإضافي( كوها)
مصدر التصنيف او مخطط الترفيف Dewey Decimal Classification
Koha [default] item type كتاب
Holdings
حالة التراجع حالة الفقد حالة تلف ليس للاعارة المكان المؤقت الموقع الحالى تاريخ الاكتساب اجمالي اﻻعارات رقم الطلب الباركود تاريخ اخر مشاهدة تاريخ تفعيل السعر نوع وعاء كوها
        مكتبة القاهرة الكبرى مكتبة القاهرة الكبرى 03/26/2014   361.4\ل خ 108041 03/26/2014 03/26/2014 كتاب

Powered By

EGPV